000 00372nam a22001337a 4500
999 _c2160
_d2160
008 200214b ||||| |||| 00| 0 eng d
100 _91748
_aHindle, Tim
245 1 0 _aManaging meeting /
_cby Tim Hindle
260 _aLondon
_bDorling Kindersley
_c1998
300 _a72p.
440 _aEssential Managers Series
650 0 _aManagement
_xBusiness Communication
942 _cBK